000 00446nam a22001451a 4500
005 20110718123426.0
008 090715s1890 001 0 eng d
020 _c0.00
040 _aNEGST Library - Kenya
082 0 _aBS 491 .C3 1890
245 0 0 _aHaggai and Zechariah, with notes and introduction /
_cPerowne Ven.
260 _bCambridge at the University,
_c1890.
300 _a39 p. 17cm.
852 _910.00
999 _c16697
_d16697